| 000 | 00646nam a2200205 i 4500 | ||
|---|---|---|---|
| 001 | 32860 | ||
| 003 | ES-MaACL | ||
| 005 | 20230906154641.0 | ||
| 007 | t| | ||
| 008 | 030131s1945 sp ||||1| spa d | ||
| 100 | 1 |
_aBernáldez, Andrés. _928208 |
|
| 245 | 1 | 0 |
_aAntología / _cAndrés Bernáldez ; selección y prólogo por Octavio de Medeiros. |
| 260 |
_a[Madrid] : _bFé, _c1945 ( _fUguina) |
||
| 300 |
_a316 p. ; _c17 cm. |
||
| 490 | 1 | _aBreviarios del pensamiento español | |
| 700 | 0 |
_aMedeiros, Octavio de. _979662 |
|
| 830 | 0 |
_aBreviarios del pensamiento español _9180739 |
|
| 852 |
_aES-MaACL _jC-3990 _bR.23348 |
||
| 999 |
_c32860 _d32860 |
||